000 01124njm a22002657a 4500
005 2010091406266.0
006 a|||||r|||||00| 0
007 sd ammalaaahaa
008 100914t xxu||||| |||| 00| 0 eng d
028 _a7EPE.7217
_bEMI
035 _aGR-02481
040 _aSED
_cSED
100 _917455
_aBhosle, Asha
245 _aShaque /
_cby Asha Bhosle...[et.al]
_h[sound recording] :
246 _aशाकुए /
260 _aDum Dum, India
_bEMI
300 _a1 sound disc [Gramophone Recording]:
_banalog, 45 rpm
_c7.5 in. (SP)
_fGramophone Record
500 _aBrief Record
500 _aRecord labels :EMI, Red
505 _aSide-1 महा बरसने लगा है राग:जयंती मल्हार (Meha barasne laga hai Raga : Jayanti Malhar) (Asha Bhosle) -- Side-2 दो नैनो के राग : कल्याणी (Do naino ke Raga: Kalyani) (Kumari Faiyyaz)
600 _aBhosle, Asha
_919923
650 _aFilm songs
_zIndia
_91186
_xExcerpts
942 _2ddc
_cGR
999 _c45619
_d45619